| 000 | 00453nam a2200181Ia 4500 | ||
|---|---|---|---|
| 003 | OSt | ||
| 005 | 20251208120139.0 | ||
| 020 | _a978-0-19-517833-3 | ||
| 040 | _cLC | ||
| 050 |
_aP 90 . A 35 2006 _b1 |
||
| 100 | _aADLER, RONALD B | ||
| 245 | 0 | _aUNDERSTANDING HUMAN COMMUNICATION | |
| 260 |
_aNEW YORK, _bOXFORD UNIVERSITY PRESS, _c2006, |
||
| 300 | _aXVii, 522 P, ILL | ||
| 650 | _aCommunication | ||
| 700 | _aRODMAN, GEORGE | ||
| 942 |
_cBK _2lcc _n0 |
||
| 999 |
_c181500 _d181500 |
||